00246nam a2200109Ia 4500008004100000100002100041245001300062260001700075650002000092942000700112999001700119190216s9999||||xx |||||||||||||| ||und|| aBhaskaran Nair K 0aUpaharam bNbs Kottayam aEssay Malayalam cBK c24756d24756